Datum a čas kvízu
27.5
Celkem bodů
Celkový počet nahraných bodů na tomto kvízu bez doplňovacích otázek.
6.
Pořadí na kvízu
Konečné umístění týmu na tomto kvízu.
Zaznamenané odpovědi
| # | Otázka | Odpověď | Body | Výsledky |
|---|---|---|---|---|
| 1. | Plzeňští zastupitelé se rozhod... | Tyršův most | 1 | |
| 2. | Několika desítkám jedinců jist... | o lachtanech | 0 | |
| 3. | Legendární britská hudební sku... | Pink Floyd | 0 | |
| 4. | Europoslanci vyslyšeli volání... | množství vypuštěných emisí | 0 | |
| 5. | V pražské O<sub>2</sub> Areně... | z Mladé Boleslavi | 0 | |
| 6. | Největší českou brankářskou le... | v Pardubicích | 1 | |
| 7. | Brankář hraje důležitou roli i... | v Irsku | 0 | |
| 8. | Napište jméno jednoho z nejlep... | Martin Galia | 1 | |
| 9. | Český reprezentační florbalový... | Lukáš Bauer | 1 | |
| 10. | Jsem jeden z neúspěšnějších vi... | Petr Čech | 1 |